Music Quiz

Random Music or Song Quiz

U2 Complete Song Lyrics 87 Quiz Stats

 Plays Quiz not verified by Sporcle

Support Sporcle.
Go Orange.
Score 0/162 Timer 07:00
0 Plays Today
% Correct
I
100%
the
92.2%
the
92.2%
A
92.2%
a
92.2%
the
92.2%
the
92.2%
A
92.2%
a
92.2%
the
92.2%
is
88.2%
is
88.2%
is
88.2%
is
88.2%
is
88.2%
is
88.2%
is
88.2%
is
88.2%
is
88.2%
is
88.2%
be.
84.3%
be
84.3%
be
84.3%
we
82.4%
we
82.4%
we
82.4%
we
82.4%
we
82.4%
we
82.4%
we
82.4%
we
82.4%
we
82.4%
we
82.4%
you
80.4%
Love,
80.4%
love
80.4%
Love
80.4%
Love,
80.4%
love
80.4%
Love
80.4%
Love,
80.4%
love
80.4%
Love
80.4%
Love,
80.4%
love
80.4%
You
80.4%
you
80.4%
love
80.4%
all
78.4%
all
78.4%
no
78.4%
all
78.4%
all
78.4%
all
78.4%
% Correct
all
78.4%
all
78.4%
all
78.4%
all
78.4%
to
76.5%
to
76.5%
have
76.5%
your
76.5%
have
76.5%
on
76.5%
have
76.5%
to
76.5%
have
76.5%
on
76.5%
have
76.5%
have
76.5%
have
76.5%
have
76.5%
have
76.5%
your
76.5%
your
76.5%
your
76.5%
and
74.5%
and
74.5%
and
74.5%
and
74.5%
and
74.5%
can
72.5%
this
70.6%
this
70.6%
where
68.6%
left.
68.6%
left.
68.6%
you're
68.6%
not
68.6%
left.
68.6%
left.
68.6%
left,
68.6%
left.
68.6%
left.
68.6%
left.
68.6%
from
66.7%
in
64.7%
that
64.7%
that
64.7%
of
62.7%
So
62.7%
so
62.7%
of
62.7%
can't
62.7%
best
58.8%
day
58.8%
should
58.8%
us
56.9%
% Correct
but
56.9%
Nothing
54.9%
Nothing
54.9%
ever.
52.9%
baby
52.9%
time
52.9%
baby
52.9%
stop
51%
only
51%
Don't
49%
thing
49%
Don't
49%
Don't
49%
Don't
49%
world,
47.1%
knew
47.1%
at
47.1%
her
47.1%
being
45.1%
keep
45.1%
wanted
45.1%
eyes.
45.1%
Now,
45.1%
eyes.
45.1%
eyes.
45.1%
eyes.
45.1%
eyes.
45.1%
better...
43.1%
cries
43.1%
doorstep.
43.1%
alive.
43.1%
cries
43.1%
doorstep.
43.1%
cos
39.2%
immortality.
37.3%
close
37.3%
close
37.3%
close
37.3%
close
37.3%
other
35.3%
stars
35.3%
many
35.3%
stars,
35.3%
many
35.3%
kept.
35.3%
end
33.3%
ways
31.4%
argue
29.4%
accept
29.4%
seven
27.5%
billion
27.5%
telescope,
25.5%
seeing.
25.5%
Hey,
13.7%

You're not logged in!

Compare scores with friends on all Sporcle quizzes.
OR
Log In

From the Vault

Hands Up

by shirleyalpha

We know quizzes like the back of our hands.
Remove Ads.
Support Sporcle.
Get the best of Sporcle when you Go Orange. This ad-free experience offers more features, more stats, and more fun while also helping to support Sporcle. Thank you for becoming a member.

Show Comments

Extras

Created Dec 2, 2017ReportNominate
Tags:Song Quiz, complete

Top Quizzes Today


Score Distribution

Your Account Isn't Verified!

In order to create a playlist on Sporcle, you need to verify the email address you used during registration. Go to your Sporcle Settings to finish the process.

Report this User

Report this user for behavior that violates our Community Guidelines.

Details: